Eskiçaǧ tarihine dair iki konferans : İmparator Konstantin ve Hristiyanlık İlkçaǧ tarihi ve dünya tarihi /

Bibliographic Details
Main Author: Vogt, Joseph, 1895-1986
Other Authors: Esin, Ufuk (Translator)
Format: Book
Language:Turkish
Language Notes:In Turkish and German.
Published: İstanbul : [publisher not identified], 1961.
Series:Istanbul Universitesi Edebiyat Fakultesi yayınları ; 839
Subjects:

MARC

Tag First Indicator Second Indicator Subfields
LEADER 00000cam a2200000Ia 4500
001 in00003605713
005 20170928111950.0
008 020405s1961 tu b 100 0 tur d
035 |a (OCoLC)ocm49524479 
035 |a (OCoLC)49524479 
040 |a BGZ  |b eng  |c BGZ  |d OCLCQ  |d BGZ  |d B9K  |d OCLCA  |d OCLCF  |d OCLCO  |d OCLCQ  |d TXA  |d UtOrBLW 
043 |a e------  |a aw-----  |a ff----- 
049 |a TXAM 
050 4 |a DG315.K7  |b V6420 1961 
090 |a DG315  |b .V64 1961 
100 1 |a Vogt, Joseph,  |d 1895-1986.  |0 http://id.loc.gov/authorities/names/n50014377 
245 1 0 |a Eskiçaǧ tarihine dair iki konferans :  |b İmparator Konstantin ve Hristiyanlık İlkçaǧ tarihi ve dünya tarihi /  |c Joseph Vogt ; çeviren Ufuk Esin. 
246 3 0 |a İmparator Konstantin ve Hristiyanlık 
246 3 0 |a İlkçaǧ tarihi ve dünya tarihi 
264 1 |a İstanbul :  |b [publisher not identified],  |c 1961. 
264 3 |a İstanbul :  |b Edebiyat Fakültesi Matbaası 
300 |a 37 pages ;  |c 25 cm. 
336 |a text  |b txt  |2 rdacontent 
337 |a unmediated  |b n  |2 rdamedia 
338 |a volume  |b nc  |2 rdacarrier 
490 0 |a Istanbul Universitesi Edebiyat Fakultesi yayınları ;  |v 839  |0 http://id.loc.gov/authorities/names/n84749966 
500 |a Held at the Universitat Istanbul, January, 1959. 
504 |a Includes bibliographical references. 
546 |a In Turkish and German. 
505 0 |a Kaiser Konstantin und das Christentum - Ergebnisse und aufgaben der forschung - Geschichte des altertums und universalgeschichre. 
600 0 0 |a Constantine  |b I,  |c Emperor of Rome,  |d -337  |v Congresses. 
650 0 |a Church history  |y Primitive and early church, ca. 30-600  |v Congresses.  |0 http://id.loc.gov/authorities/subjects/sh2008100733 
650 0 |a World history  |v Congresses. 
651 0 |a Rome  |x History  |y Constantine I, the Great, 306-337  |v Congresses. 
600 0 7 |a Constantine  |b I,  |c Emperor of Rome,  |d -337.  |2 fast  |0 (OCoLC)fst01813658 
650 7 |a Church history  |x Primitive and early church.  |2 fast  |0 (OCoLC)fst01710945 
650 7 |a World history.  |2 fast  |0 (OCoLC)fst01181345 
651 7 |a Rome (Empire)  |2 fast  |0 (OCoLC)fst01204885 
648 7 |a 30 - 600  |2 fast 
655 7 |a History.  |2 fast  |0 (OCoLC)fst01411628 
700 1 |a Esin, Ufuk,  |e translator.  |0 http://id.loc.gov/authorities/names/n87126269 
740 0 2 |a Kaiser Konstantin und das Christentum - Ergebnisse und aufgaben der forschung. 
740 0 2 |a Geschichte des altertums und universalgeschichre. 
994 |a C0  |b TXA 
948 |a cataloged  |b h  |c 2016/2/25  |d c  |e nbehmer  |f 1:26:36 pm 
999 f f |s e11eb8d0-c577-3f3c-9d6f-149a124af776  |i 9fe7e09c-212b-39b3-8aa1-b3310180f3e3  |t 0 
952 f f |p noncirc  |a Texas A&M University  |b College Station  |c Sterling C. Evans Library  |d Bodrum (located in Turkey)  |t 0  |e DG315 .V64 1961  |h Library of Congress classification  |i unmediated -- volume 
998 f f |a DG315 .V64 1961  |t 0  |l Bodrum (located in Turkey)